000 00578nam a22001817a 4500
008 130821s1927 fr gr fre
040 _aCo-BoUCM
_bspa
041 0 0 _afre
100 _aLouys, Pierre,1870-1925
_9149783
245 0 0 _aPsyché suíví de la fin de Psyché
_cPierre Louys
260 _aParís (Francia)
_bAlbin Michel
_c1927
300 _a250páginas
500 _aIncluye índice
650 0 4 _aLiteratura francesa
_97794
650 0 4 _aNovela francesa
_920506
942 _cLIBRO
_a18
_e1
_mL68P
_n0
_2DEWEY
_h843.8
999 _c87034
_d87034